000 01512nam a2200301 a 4500
001 BRCA_2681
005 20190320203924.0
008 021208s1885----sp-a---###---#000-0#spa-u
041 _aspa
044 _asp
084 _a204
_b.C66
_c1885
100 1 _aCervantes Saavedra, Miguel de
_d1547-1616
_9213
245 1 0 _aEl Ingenioso Hidalgo Don Quijote de la Mancha
_ccompuesto por Miguel de Cervantes Saavedra.
260 _aZaragoza
_bComas hermanos
_c1885
300 _a2 v.
_bil.
_c11 cm.
440 0 _aBiblioteca de publicaciones microscopicas
_97603
500 _aContenido : v 1. Primera parte. Retrato de Cervantes. Dedicatoria del autor. Prólogo del autor. Versos preliminares. Texto. -- v 2. Segunda parte. Dedicatoria del autor. Prólogo del autor. Texto
500 _aEdición microscópica, pero de tipos claros y legibles. Las láminas y el retrato de Cervantes son de la suntuosa edición de Espasa, reducidos a menor tamaño. Las variantes están tomadas, en su mayoría, de las ediciones académicas. Tela; planos decorados con figuras y un asunto cervantino dorados Lúdovik Osterc
500 _aIncluye indice : De variantes
500 _aQM195
650 1 4 _aNovela española
_yÉpoca clásica, 1500-1700
_9215
650 1 4 _aLiteratura española
_yÉpoca clásica, 1500-1700
_9216
650 1 4 _aNovela española
_ySiglo XVII
_9217
650 1 4 _aDon Quijote (Personaje ficticio)
_eNovela
_9218
740 0 _aEl Ingenioso Hidalgo Don Quijote de la Mancha
902 _aQFM
942 _2lcc
_cB
999 _c2421
_d2421